000 00412cam a22001097a 4500
008 180718bn.d. xxu||||| |||| 00| 0 eng d
082 _aB811x71 C16c/45/DP
100 _aCanada. Cabinet Committee on Dominion-Provincial Relations
245 _aDominion-Provincial Co-operative arrangements: reference book for Dominion-Provincial Conference on Reconstruction
260 _aOttawa
_bThe author
_cn.d.
300 _a30p.
999 _c488903
_d488903